| 000 | 00980nam a22001697a 4500 | ||
|---|---|---|---|
| 999 |
_c121111 _d121111 |
||
| 001 | K121111 | ||
| 008 | 190716b2019 ||||| |||| 00| 0 eng d | ||
| 041 | _aeng | ||
| 110 |
_92749 _aUnited Nations |
||
| 245 | _aGlobal climate action | ||
| 520 | _aThe Global Climate Action portal is an online platform where actors from around the globe - countries, regions, cities, companies, investors and other organizations - can display their commitments to act on climate change.Launched by UN Climate Change, Peru and France in 2014, the portal was born of the realization that addressing climate change will take ambitious, broad-based action from all segments of society, public and private. Crucially, it helped build momentum towards the adoption of the Paris Climate Agreement 2015. | ||
| 650 | _aClimate change | ||
| 650 | _aSocial value | ||
| 651 | _aInternational | ||
| 690 |
_96238 _aEnvironment |
||
| 856 |
_uhttps://climateaction.unfccc.int _zView the item at Climate Action |
||